00233nam a2200097Ia 4500008004100000100001600041245003000057250000800087260003200095300000800127191201s2012 xx 000 0 und d aBAJAJ, Benu 0aApplied mathematics Vol-1 a1st c2012bNORTH PUB.aNEW DELHI a264